| 000 | 01532nam a2200229 a 4500 | ||
|---|---|---|---|
| 008 | 120416s1984 ||||||||||||||||| || u | ||
| 020 | _a0408015411 | ||
| 050 | _aTK 6550.28 Scr | ||
| 100 | _aScroggie, Marcus Graham | ||
| 245 | 1 | 0 | _aFoundations of wireless and electronics |
| 250 | _a10th.ed | ||
| 260 |
_aLondon _bNewnes Technical Books _c1984 |
||
| 300 | _a(xvi) 551p. : ill | ||
| 350 | _a0.00 | ||
| 995 |
_aMAIN LIBRARY OPEN ACCESS _D0.00 _e711827 _FCBU-MAIN LIBRARY (Kitwe) _H1 _I8.95 _jTK 6550.28 Scr _M2 _UAVAILABLE _y017721 _ZMain Library Open Access Collection |
||
| 995 |
_aMAIN LIBRARY OPEN ACCESS _D0.00 _e714023 _FCBU-MAIN LIBRARY (Kitwe) _H4 _I8.95 _jTK 6550.28 Scr _M6 _UAVAILABLE _y025013 _ZMain Library Open Access Collection |
||
| 995 |
_aMAIN LIBRARY OPEN ACCESS _D0.00 _e714022 _FCBU-MAIN LIBRARY (Kitwe) _H7 _I8.95 _jTK 6550.28 Scr _M5 _UAVAILABLE _y025007 _ZMain Library Open Access Collection |
||
| 995 |
_aBINDERY (DAMAGED) _D0.00 _e714021 _FCBU-MAIN LIBRARY (Kitwe) _H3 _I8.95 _jTK 6550.28 Scr _M1 _UDAMAGED _y017720 _ZMain Library Open Access Collection |
||
| 995 |
_aMAIN LIBRARY OPEN ACCESS _D0.00 _e711828 _FCBU-MAIN LIBRARY (Kitwe) _H2 _I8.95 _jTK 6550.28 Scr _M3 _UAVAILABLE _y017722 _ZMain Library Open Access Collection |
||
| 995 |
_aBINDERY (DAMAGED) _D0.00 _e711825 _FCBU-MAIN LIBRARY (Kitwe) _H5 _I8.95 _jTK 6550.28 Scr _M4 _UDAMAGED _y017723 _ZMain Library Open Access Collection |
||
| 995 |
_aBINDERY (DAMAGED) _D0.00 _e711826 _FCBU-MAIN LIBRARY (Kitwe) _H1 _I0.00 _jTK 6550.28 Scr _UDAMAGED _WJun 4, 2009 _y711826 _ZMain Library Open Access Collection |
||
| 999 |
_c63274 _d63274 |
||